| 000 | 00364nam a2200133Ia 4500 | ||
|---|---|---|---|
| 008 | 240624s9999 xx 000 0 und d | ||
| 041 | _aeng | ||
| 082 | _a332.632044 JEG | ||
| 100 | _aJEGADEESH NARASIMHAN | ||
| 245 | _aADVANCED FIXED INCOME VALUATION TOOLS | ||
| 260 |
_c2000 _aNew York _bJohn Wiley and Sons |
||
| 300 | _axiv, : 414 : p. : cm. ; 23 | ||
| 365 |
_c _b28 |
||
| 999 |
_c8578 _d8578 |
||